| 000 | 00477nam a2200109 4500 | ||
|---|---|---|---|
| 005 | 20260107114321.0 | ||
| 084 |
_2Colon Classification _aI861,13:(G91)0gJ336.2124 |
||
| 100 |
_aKARTHIKA T P _97502 |
||
| 245 | _aStudies on the influence of root and leaf leachates of Cassava on rhizosphere colonizing fluorescent psuedomonas aeuroginosa of sesamum (Sesame Orientale L) in Chettikulangara village of Onattukara region | ||
| 260 |
_aUOK, _bSDCollege,Alappuzha, _c2025 |
||
| 942 |
_2CC _cTH |
||
| 999 |
_c754848 _d754848 |
||